most popular passwords - Statistics

General Stats
  • This quiz has been taken 74 times
  • The average score is 5 of 35
Answer Stats
Hint Answer % Correct
22 pass
88%
2 password
87%
1 123456
63%
10 qwerty
33%
7 12345678
30%
6 123456789
28%
15 111111
21%
17 password1
19%
5 abc123
13%
16 iloveyou
13%
21 letmein
12%
23 secret
10%
26 football
7%
12 monkey
7%
32 love
6%
19 baseball
4%
33 dragon
3%
34 iloveu
3%
29 diamond
1%
35 diamonds
1%
4 ninga
1%
8 sunshine
1%
27 121212
0%
25 access
0%
30 biteme
0%
13 freedom
0%
24 master
0%
14 michael
0%
31 money
0%
9 princess
0%
18 shadow
0%
28 snoopy
0%
20 tigger
0%
3 welcome
0%
11 writer
0%
No matching quizzes found
Score Distribution
Percent of People with Each Score
Percentile by Number Answered
Your Score History
You have not taken this quiz